00590 2200217 4500001002100000005001500021035002000036007000300056008004100059020002200100082001000122084001600132100001700148245008700165250001000252260003800262300002900300650002100329990001100350990001100361INLIS00000000000121720180110010021 a0010-0118000035ta180110 g 0 ind  a978-602-1622-08-7 a747.7 a747.7 ARI k0 aAri Inriarni1 aKamar Mandi Cantik & Modern :bDapat diaplikasikan pada semua jenis dan tipe rumah aCet.1 aYogyakarta :bInfraGrafika,c2015 a66hlm :bIlus ;c17x24cm aDekorasi Ruangan a6119 a a6119 b